The third pandemic of plague in Egypt; (Record no. 90241)

MARC details
000 -LEADER
fixed length control field 00924cam a22002411 4500
001 - CONTROL NUMBER
control field sg 32000073
003 - CONTROL NUMBER IDENTIFIER
control field DLC
005 - DATE AND TIME OF LATEST TRANSACTION
control field 20260227112740.0
008 - FIXED-LENGTH DATA ELEMENTS--GENERAL INFORMATION
fixed length control field 810920s1932 xx a 000 0 eng
010 ## - LIBRARY OF CONGRESS CONTROL NUMBER
LC control number sg 32000073
035 ## - SYSTEM CONTROL NUMBER
System control number (OCoLC)14727342
040 ## - CATALOGING SOURCE
Original cataloging agency DLC
Transcribing agency DNLM
Modifying agency DLC
042 ## - AUTHENTICATION CODE
Authentication code premarc
050 00 - LIBRARY OF CONGRESS CALL NUMBER
Classification number RC179.E3
Item number W3
060 0# - NATIONAL LIBRARY OF MEDICINE CALL NUMBER
Classification number W1
Item number CA1596 no.3 1932
100 1# - MAIN ENTRY--PERSONAL NAME
Personal name Wakīl, ʻAbd al-Wāḥid.
245 14 - TITLE STATEMENT
Title The third pandemic of plague in Egypt;
Remainder of title historical, statistical and epidemiological remarks on the first thirty two years of its prevalence,
Statement of responsibility, etc. by A. W. Wakil ...
260 ## - PUBLICATION, DISTRIBUTION, ETC.
Place of publication, distribution, etc. Cairo,
Name of publisher, distributor, etc. Published by the Egyptian University,
Date of publication, distribution, etc. 1932.
300 ## - PHYSICAL DESCRIPTION
Extent 6 p. l., 5-169 p., 1 l.
Other physical details ill.
490 1# - SERIES STATEMENT
Series statement The Egyptian university. The Faculty of medicine. Publication
Volume/sequential designation no. 3
504 ## - BIBLIOGRAPHY, ETC. NOTE
Bibliography, etc. note "References": p. 167-169.
810 1# - SERIES ADDED ENTRY--CORPORATE NAME
Corporate name or jurisdiction name as entry element Cairo (Egypt).
Subordinate unit Egyptian University.
-- Faculty of Medicine.
Title of a work Publication ;
Volume/sequential designation no. 3.

No items available.

Powered by Koha